000 00848cam a22002291 4500
001 ne 68001525
003 DLC
005 20260227111841.0
008 901109s1962 ir 000 0 perr
010 _ane 68001525
035 _a(OCoLC)22659157
040 _aDLC
_cCU
_dDLC
042 _apremarc
050 0 0 _aPK6451.F44
_bZ9
100 1 _aYūsufī, Ghulām Ḥusayn.
245 1 0 _aFarrukhī Sīstānī :
_bbaḥs̲ī dar sharḥ-i aḥvāl va rūzigār va shiʻr-i ū /
_ctaʼlīf-i Ghulāmḥusayn Yūsufī.
260 _aMashhad,
_bKitabfurūshī Bāstān,
_c1341 [1962]
300 _a16, 685 p.
_c25 cm.
500 _aAdded t. p.: Farrokhi-e Sistāni, a survey of his life time and his time and his poetry, by Gholam-Hossein Yousofi.
504 _aBibliography: p. [619]-633.
600 1 0 _aFarrukhī, ʻAlī ibn Jūlūgh,
_d-1037 or 1038.
999 _c50321
_d50321